Random History #1 - Statistics

General Stats
  • This quiz has been taken 36 times
  • The average score is 8 of 15
Answer Stats
Question Answer % Correct
Which of these philosophers tutored Alexander the Great? Aristotle
100%
What kind of vehicle did kamikaze pilots use? airplane
67%
Which of these was not invented in China? Electric Light
67%
Which country was conquered by William of Normandy after King Edward died? England
67%
Which explorer first circumnavigated the globe? Ferdinand Magellan
67%
Which of these wars actually lasted longer than its name implies? Hundred Years War
67%
Samurai are from which Asian country? Japan
67%
Which of these countries never colonized North America? Poland
67%
Who won the Nobel Peace Prize for helping end the Russo-Japanese War? Teddy Roosevelt
67%
Which of these battles was not won by Alexander the Great? Actium
33%
Lula da Silva and Getulio Vargas have both led which country? Brazil
33%
The Charlottetown Conference was an important development for what country? Canada
33%
Which civilization fought the Egyptians at the Battle of Kadesh? Hittites
33%
The United Kingdom has an unbroken alliance for over 3 centuries with whom? Portugal
33%
Which country's war of succession ended with the Treaty of Utrecht? Spain
0%
No matching quizzes found
Score Distribution
Percent of People with Each Score
Percentile by Number Answered
Your Score History
You have not taken this quiz